000 00964nam a22002297a 4500
003 OSt
005 20260124091707.0
008 230627b ||||| |||| 00| 0 eng d
040 _cSSBUL
041 _ashan
082 _a808.882
100 _aလွၼ်ႉတွၼ်း
_cၸၢႆး (ထုင်ႉမၢဝ်း)
_926891
245 _aၶေႃႈပၢႆးဝူၼ်ႉၶိုၼ်ႈယႂ်ႇပၢၼ်ၼုမ်ႇမႂ်ႇ /
_cၸၢႆးလွၼ်ႉတွၼ်း (ထုင်ႉမၢဝ်း)
260 _c2001
300 _a112 ၼႃႈ
_c16 ၸိၼ်ႇထီႇ
500 _aS-SAT: Dr. Prof Sai Aung Tun
500 _aပပ်ႉၸဝ်ႈတႃႇၼႁင်းၶေႃတွၵ်ႉတိူဝ်ႇၸၢႆးဢွင်ႇထုၼ်းလူႇတၢၼ်ႈဝႆႉ
650 _aလွၼ်ႉမွၼ်းၵႂၢမ်း
_923086
942 _cBK1
942 _2ddc
942 _2ddc
999 _c26423
_d26423